[Event "Madrid-ch Previa B"]
[Site "Madrid ESP"]
[Date "2014.02.14"]
[Round "4.11"]
[White "Marcos Herrero, Francisco"]
[Black "Ruiz Bazaga, Miriam"]
[Result "0-1"]
[WhiteElo "1930"]
[BlackElo "1588"]
[PlyCount "83"]
[EventDate "2014.02.06"]
[EventType "swiss"]
[EventRounds "9"]
[EventCountry "ESP"]
[Source "lmi"]
[SourceDate "2014.02.06"]

1. d4 e6 2. e4 b6 3. Nf3 Bb7 4. Bd3 c5 5. c3 cxd4 6. cxd4 g6 7. Nc3 Bg7 8. Bf4
a6 9. h4 d5 10. exd5 Bxd5 11. Ne4 Bxe4 12. Bxe4 Ra7 13. Qb3 Nf6 14. Bxb8 Qxb8
15. Bc6+ Nd7 16. Qa3 Bf8 17. Qe3 Bd6 18. g3 Kf8 19. Qh6+ Kg8 20. h5 Qf8 21. Qe3
Qe7 22. Kf1 Nf6 23. hxg6 hxg6 24. Rxh8+ Kxh8 25. Kg2 Ng4 26. Qe2 Kg7 27. Ne5
Nh6 28. Rh1 b5 29. Qd2 Ng8 30. Be4 f5 31. Nc6 Qc7 32. Bf3 Kf8 33. Nxa7 Qxa7 34.
Qg5 Qxd4 35. Qxg6 Qxb2 36. Qxe6 Qe5 37. Qc8+ Kg7 38. Qxa6 Ne7 39. Rd1 Bc7 40.
Qb7 Kf6 41. Rd7 Bd6 42. Qa7 0-1

[Event "Madrid-ch Previa B"]
[Site "Madrid ESP"]
[Date "2014.02.14"]
[Round "4.13"]
[White "Franco Rincon, David"]
[Black "Lopez Ziegler, Juan Jose"]
[Result "1-0"]
[WhiteElo "1685"]
[BlackElo "1512"]
[PlyCount "105"]
[EventDate "2014.02.06"]
[EventType "swiss"]
[EventRounds "9"]
[EventCountry "ESP"]
[Source "lmi"]
[SourceDate "2014.02.06"]

1. b4 c6 2. Bb2 Qb6 3. a3 a5 4. c4 axb4 5. c5 Qc7 6. axb4 Rxa1 7. Bxa1 d6 8. d4
dxc5 9. dxc5 Nf6 10. e3 Bg4 11. Be2 Bxe2 12. Nxe2 Nbd7 13. O-O e6 14. Nd2 b6
15. Qa4 Be7 16. Rc1 O-O 17. cxb6 Qxb6 18. Rb1 Nd5 19. Nc4 Qb5 20. Qb3 Rb8 21.
Nd4 Qxb4 22. Qxb4 Nxb4 23. Kf1 c5 24. Nf3 f6 25. Rd1 Nb6 26. Nfd2 N6d5 27. Rb1
Kf7 28. g3 Ra8 29. e4 Nc2 30. exd5 exd5 31. Ne5+ fxe5 32. Bxe5 c4 33. Nf3 Ra7
34. Rb2 Na1 35. Bd4 Bf6 36. Ng5+ Kg6 37. Nf3 Bxd4 38. Nxd4 c3 39. Rb6+ Kf7 40.
Rc6 Ra4 41. Rc7+ Kf6 42. Rc6+ Kf7 43. Rc7+ Kf6 44. Rc6+ Ke5 45. Nf3+ Ke4 46.
Rxc3 d4 47. Nd2+ Kd5 48. Rc7 Ra2 49. Rd7+ Kc5 50. Ke1 Nc2+ 51. Kd1 Kb4 52. Rb7+
Kc3 53. Rb3# 1-0

[Event "Madrid-ch Previa B"]
[Site "Madrid ESP"]
[Date "2014.02.14"]
[Round "4.14"]
[White "Jimenez Manzano, Emiliano"]
[Black "Aguilera Lopez, Alejandro"]
[Result "0-1"]
[WhiteElo "1481"]
[BlackElo "1612"]
[PlyCount "70"]
[EventDate "2014.02.06"]
[EventType "swiss"]
[EventRounds "9"]
[EventCountry "ESP"]
[Source "lmi"]
[SourceDate "2014.02.06"]

1. d4 d5 2. Bf4 Nf6 3. e3 e6 4. Nf3 c5 5. c3 Nc6 6. Nbd2 Be7 7. Bb5 Bd7 8. h3
Qb6 9. Bxc6 Bxc6 10. Qb3 O-O 11. O-O Nd7 12. Qxb6 axb6 13. a3 h6 14. b4 Ra7 15.
Ra2 Rfa8 16. Rfa1 cxb4 17. cxb4 Bxb4 18. Nb1 Be7 19. Ne5 Nxe5 20. Bxe5 b5 21.
Bc7 b4 22. Bb6 Ra6 23. Bc5 Bxc5 24. dxc5 Ra5 25. Nd2 Rxa3 26. Rxa3 Rxa3 27.
Rxa3 bxa3 28. Nb3 Bb5 29. f3 Bc4 30. Na1 Kf8 31. Kf2 Ke8 32. Ke1 Kd7 33. Kd2
Kc6 34. h4 Kxc5 35. g4 b5 0-1

[Event "Madrid-ch Previa B"]
[Site "Madrid ESP"]
[Date "2014.02.14"]
[Round "4.15"]
[White "Merino Araguas, Jose Javier"]
[Black "Moro Serrano, Federico"]
[Result "1-0"]
[WhiteElo "1813"]
[BlackElo "1543"]
[PlyCount "55"]
[EventDate "2014.02.06"]
[EventType "swiss"]
[EventRounds "9"]
[EventCountry "ESP"]
[Source "lmi"]
[SourceDate "2014.02.06"]

1. d4 Nf6 2. c4 g6 3. Nc3 d5 4. cxd5 Nxd5 5. e4 Nxc3 6. bxc3 Bg7 7. Bc4 c5 8.
Ne2 Nc6 9. Be3 O-O 10. O-O Bg4 11. f3 Na5 12. Bxf7+ Rxf7 13. fxg4 Rxf1+ 14.
Kxf1 Nc4 15. Qb3 b5 16. a4 Qf8+ 17. Kg1 Kh8 18. Bf2 Qc8 19. axb5 Nd2 20. Qc2
Bh6 21. h3 Qb7 22. dxc5 Qxb5 23. Bd4+ Kg8 24. Qa2+ Kf8 25. Ng3 Qd3 26. Qd5 Rb8
27. Bg7+ Bxg7 28. Qxd3 1-0

[Event "Madrid-ch Previa B"]
[Site "Madrid ESP"]
[Date "2014.02.14"]
[Round "4.17"]
[White "Garcia Carbonell, Francisco"]
[Black "Martinez Carrasco, Jesus"]
[Result "1/2-1/2"]
[WhiteElo "1666"]
[BlackElo "1586"]
[PlyCount "146"]
[EventDate "2014.02.06"]
[EventType "swiss"]
[EventRounds "9"]
[EventCountry "ESP"]
[Source "lmi"]
[SourceDate "2014.02.06"]

1. e4 c5 2. Nc3 Nc6 3. d3 Nf6 4. g3 e6 5. f4 d5 6. e5 Nd7 7. Nf3 a6 8. Bg2 Be7
9. Qe2 O-O 10. O-O Re8 11. a3 Qc7 12. Kh1 b5 13. Nd1 f6 14. Bh3 Bf8 15. c3 fxe5
16. fxe5 Ndxe5 17. Bf4 Bd6 18. Ng5 h6 19. Nf3 Nxf3 20. Rxf3 e5 21. Bg2 Bg4 22.
Bxh6 Bxf3 23. Qxf3 gxh6 24. Qg4+ Kh8 25. Bxd5 Rg8 26. Qe4 Raf8 27. Ne3 Ne7 28.
Bxg8 Nxg8 29. Nf5 Rf6 30. Rf1 Qf7 31. Rf3 Qg6 32. Kg2 Rf8 33. Nxd6 Qxd6 34.
Rxf8 Qxf8 35. Qxe5+ Kh7 36. Qd5 Qe7 37. Kf3 Qf6+ 38. Ke3 Qg5+ 39. Qxg5 hxg5 40.
Ke4 Ne7 41. Ke5 Kg6 42. g4 Kf7 43. b4 cxb4 44. axb4 Kg6 45. d4 a5 46. bxa5 Nc6+
47. Kd5 Nxa5 48. Kc5 b4 49. Kxb4 Nc6+ 50. Kb5 Ne7 51. c4 Kf6 52. Kb6 Ke6 53.
Kc7 Nd5+ 54. Kc6 Ne7+ 55. Kc5 Nc8 56. d5+ Ke7 57. Kd4 Nd6 58. c5 Nb5+ 59. Ke5
Nc3 60. d6+ Kd7 61. Kf5 Kc6 62. Kxg5 Ne4+ 63. Kf5 Nxc5 64. Ke5 Kd7 65. g5 Nd3+
66. Kf6 Kxd6 67. g6 Ne5 68. h4 Nd7+ 69. Kg5 Ke6 70. h5 Ke7 71. h6 Kf8 72. Kf5
Kg8 73. Ke6 Nf8+ 1/2-1/2

[Event "Madrid-ch Previa B"]
[Site "Madrid ESP"]
[Date "2014.02.14"]
[Round "4.18"]
[White "Melcon Diez, Enrique"]
[Black "Rottenwoerer, Christoph"]
[Result "0-1"]
[WhiteElo "1606"]
[BlackElo "1643"]
[PlyCount "76"]
[EventDate "2014.02.06"]
[EventType "swiss"]
[EventRounds "9"]
[EventCountry "ESP"]
[Source "lmi"]
[SourceDate "2014.02.06"]

1. c4 Nf6 2. Nc3 g6 3. e4 d6 4. d4 Bg7 5. f4 O-O 6. Nf3 Bg4 7. Be2 Bxf3 8. Bxf3
Nc6 9. O-O e5 10. fxe5 dxe5 11. d5 Nd4 12. Bg5 h6 13. Be3 Qe7 14. Bxd4 exd4 15.
Nb5 Nd7 16. Qd2 Qc5 17. Rac1 a6 18. b4 Qb6 19. Na3 c5 20. dxc6 bxc6 21. c5 Qc7
22. Nc4 Rad8 23. Rcd1 Kh7 24. Qd3 Ne5 25. Nxe5 Bxe5 26. g3 h5 27. Qe2 Kg7 28.
Kh1 Rh8 29. Rf2 Qb7 30. a3 Qd7 31. Qxa6 Ra8 32. Qd3 Ra4 33. Qb3 Rha8 34. Ra2
Qa7 35. Rd3 Qe7 36. Qc4 h4 37. g4 Qf6 38. Bd1 Qf1# 0-1

[Event "Madrid-ch Previa B"]
[Site "Madrid ESP"]
[Date "2014.02.14"]
[Round "4.20"]
[White "Castro Uceda, Jose Antonio"]
[Black "Reyes Penas, Sebastian"]
[Result "1-0"]
[WhiteElo "1620"]
[BlackElo "1383"]
[PlyCount "89"]
[EventDate "2014.02.06"]
[EventType "swiss"]
[EventRounds "9"]
[EventCountry "ESP"]
[Source "lmi"]
[SourceDate "2014.02.06"]

1. d4 d5 2. c4 e6 3. e3 f5 4. Nc3 c6 5. Nf3 Nf6 6. Bd3 Bd6 7. O-O O-O 8. a3 Ne4
9. Qc2 Nd7 10. c5 Bc7 11. Ne2 e5 12. b4 g5 13. Bxe4 fxe4 14. Nd2 g4 15. Ng3
exd4 16. exd4 Qh4 17. Re1 h5 18. Ndf1 Bxg3 19. Nxg3 Kg7 20. Qd2 Rf6 21. a4 Nf8
22. b5 Rg6 23. Qf4 Nh7 24. Qc7+ Kh8 25. bxc6 bxc6 26. Rb1 Qf6 27. Bf4 Qh4 28.
Rb8 Rxb8 29. Qxb8 Qd8 30. Qxa7 h4 31. Be5+ Kg8 32. Nh5 Qg5 33. Nf4 Rh6 34. Qc7
Bf5 35. Rb1 Nf8 36. Rb7 Rh7 37. Qxc6 Be6 38. Rb8 Rh6 39. Qd6 Qf5 40. Qe7 Rh7
41. Qxe6+ Qxe6 42. Nxe6 Rf7 43. Nxf8 Rxf8 44. Rxf8+ Kxf8 45. a5 1-0

[Event "Madrid-ch Previa B"]
[Site "Madrid ESP"]
[Date "2014.02.14"]
[Round "4.21"]
[White "Santos Valdivia, Victor Manuel"]
[Black "Lacaci Otero, Ivan"]
[Result "0-1"]
[WhiteElo "1512"]
[BlackElo "1728"]
[PlyCount "100"]
[EventDate "2014.02.06"]
[EventType "swiss"]
[EventRounds "9"]
[EventCountry "ESP"]
[Source "lmi"]
[SourceDate "2014.02.06"]

1. e4 c5 2. Nf3 d6 3. c3 Nf6 4. d3 Nc6 5. Be3 Ng4 6. Bf4 Qb6 7. Qc2 e5 8. Bc1
Be7 9. h3 Nf6 10. Be3 h6 11. Na3 Be6 12. b3 O-O 13. Nc4 Qd8 14. Rd1 b5 15. Nb2
d5 16. Nh4 d4 17. Bc1 Nxe4 18. dxe4 Bxh4 19. Bxb5 Na5 20. Nd3 Qb6 21. Ba4 Bf6
22. O-O c4 23. bxc4 Nxc4 24. Nb4 Rfd8 25. Bc6 Rac8 26. Bd5 a5 27. Bxe6 fxe6 28.
Nd3 Nd6 29. Bb2 Nb5 30. f4 dxc3+ 31. Qf2 Qxf2+ 32. Rxf2 cxb2 33. Nxb2 Rxd1+ 34.
Nxd1 Rc1 35. Rf1 exf4 36. Nf2 Rxf1+ 37. Kxf1 Nc3 38. Nd3 g5 39. e5 Be7 40. Nc1
Ba3 41. Nb3 a4 42. Nd4 Kf7 43. Nc2 Bb2 44. Nb4 Nd5 45. Nxd5 exd5 46. Ke2 Ke6
47. Kd3 Kxe5 48. Ke2 Ke4 49. Kd1 Kd3 50. Ke1 Kc2 0-1

[Event "Madrid-ch Previa B"]
[Site "Madrid ESP"]
[Date "2014.02.14"]
[Round "4.22"]
[White "Soto Martin, Miguel"]
[Black "Barragan Arriaza, Pablo"]
[Result "0-1"]
[WhiteElo "1645"]
[BlackElo "1361"]
[PlyCount "138"]
[EventDate "2014.02.06"]
[EventType "swiss"]
[EventRounds "9"]
[EventCountry "ESP"]
[Source "lmi"]
[SourceDate "2014.02.06"]

1. d4 d5 2. Nf3 c6 3. c4 Nf6 4. Nbd2 Bf5 5. e3 e6 6. Qb3 Qc7 7. Bd3 Bxd3 8.
Qxd3 g6 9. b3 Bg7 10. Ba3 Nbd7 11. e4 dxe4 12. Nxe4 Nxe4 13. Qxe4 Qa5+ 14. Nd2
Qxa3 15. O-O Qd6 16. Nf3 O-O 17. Rad1 Nf6 18. Qh4 Rad8 19. Ne5 Nh5 20. Nf3 Rfe8
21. Qg4 Qf4 22. Qxf4 Nxf4 23. Rfe1 b6 24. g3 Nh5 25. g4 Nf6 26. h3 c5 27. dxc5
bxc5 28. Ne5 Rxd1 29. Rxd1 Ne4 30. Nc6 Nc3 31. Rd2 a6 32. b4 cxb4 33. Nxb4 Rc8
34. Nxa6 Rxc4 35. Nb8 Nd5 36. Nd7 Rc7 37. Nb8 Rb7 38. Na6 Rb2 39. Rxb2 Bxb2 40.
Nc5 Nb6 41. a4 Bc3 42. Kf1 Kf8 43. Ke2 Ke7 44. Kd3 Be1 45. Ke2 Kd6 46. Ne4+ Ke5
47. Ng5 f6 48. Nf3+ Kd5 49. Nxe1 Nxa4 50. Kf3 g5 51. Ke3 f5 52. Nf3 f4+ 53. Kd3
Nc5+ 54. Ke2 h6 55. h4 Ne4 56. h5 Nf6 57. Nh2 e5 58. f3 e4 59. Nf1 e3 60. Nh2
Kd4 61. Nf1 Nd5 62. Nh2 Nc3+ 63. Ke1 Kd3 64. Nf1 Ne2 65. Kd1 Nd4 66. Nh2 e2+
67. Ke1 Ke3 68. Nf1+ exf1=Q+ 69. Kxf1 Kxf3 0-1

[Event "Madrid-ch Previa B"]
[Site "Madrid ESP"]
[Date "2014.02.14"]
[Round "4.23"]
[White "Barragan Panal, Juan Jose"]
[Black "Rottenwohrer Suarez, Juan"]
[Result "1/2-1/2"]
[WhiteElo "1630"]
[BlackElo "1456"]
[PlyCount "173"]
[EventDate "2014.02.06"]
[EventType "swiss"]
[EventRounds "9"]
[EventCountry "ESP"]
[Source "lmi"]
[SourceDate "2014.02.06"]

1. Nf3 Nf6 2. c4 g6 3. Nc3 Bg7 4. g3 O-O 5. Bg2 d6 6. Rb1 a5 7. a3 e5 8. O-O
Nh5 9. d3 f5 10. Bg5 Nf6 11. Qc1 Re8 12. e4 fxe4 13. dxe4 Nbd7 14. b4 b6 15.
Rd1 Bb7 16. Nd5 Qc8 17. Bxf6 Nxf6 18. Nxf6+ Bxf6 19. Qe3 axb4 20. axb4 Qg4 21.
Nd2 Bg5 22. Qf3 Qxf3 23. Nxf3 Be7 24. Ne1 Rf8 25. Ra1 Ba6 26. b5 Bb7 27. Nc2
Bg5 28. Rxa8 Rxa8 29. Ra1 Ra5 30. h4 Bd2 31. Kf1 Kf7 32. Ke2 Bc3 33. Ra3 Bb2
34. Rf3+ Ke7 35. Rb3 Bc1 36. Kd3 Ra2 37. Bh3 Bxe4+ 38. Kxe4 Rxc2 39. Rb1 Rxc4+
40. Kd3 Rd4+ 41. Ke2 Bd2 42. Rd1 Bc3 43. Rd3 Rxd3 44. Kxd3 Bd4 45. Ke2 d5 46.
f3 Kd6 47. h5 c6 48. bxc6 Kxc6 49. h6 b5 50. f4 Kd6 51. f5 e4 52. fxg6 hxg6 53.
h7 Ke7 54. Bg4 b4 55. Bh3 Be5 56. g4 g5 57. Kd2 b3 58. Bf1 b2 59. Kc2 e3 60.
Bd3 Kf7 61. Kd1 Kg7 62. Ke2 Bd4 63. Kf3 Kf7 64. h8=Q Bxh8 65. Kxe3 Ke6 66. Bb1
Kd6 67. Kd3 Ke5 68. Ke3 Bf6 69. Bd3 Be7 70. Bb1 Bc5+ 71. Kf3 Kd4 72. Ke2 Kc3
73. Kd1 Be3 74. Ke2 Bf4 75. Bf5 d4 76. Bb1 Kb3 77. Kd3 Be3 78. Ke2 Bf4 79. Kd3
Be5 80. Ke2 Kc3 81. Bd3 Bf4 82. Bb1 Be3 83. Bd3 Kb4 84. Bc2 Kc4 85. Bd3+ Kd5
86. Kf3 Ke5 87. Bb1 1/2-1/2

[Event "Madrid-ch Previa B"]
[Site "Madrid ESP"]
[Date "2014.02.14"]
[Round "4.24"]
[White "Melcon Mediavilla, Rodrigo"]
[Black "Santos Burkholz, Mario"]
[Result "0-1"]
[WhiteElo "1446"]
[BlackElo "1424"]
[PlyCount "96"]
[EventDate "2014.02.06"]
[EventType "swiss"]
[EventRounds "9"]
[EventCountry "ESP"]
[Source "lmi"]
[SourceDate "2014.02.06"]

1. e4 e5 2. Nf3 Nc6 3. Bb5 Bc5 4. c3 a6 5. Ba4 Nf6 6. d4 exd4 7. e5 Ng8 8. cxd4
Be7 9. O-O d6 10. d5 b5 11. dxc6 bxa4 12. Qxa4 dxe5 13. Rd1 Bd6 14. Nxe5 Qf6
15. Re1 Ne7 16. Bf4 O-O 17. Nd2 Re8 18. Qe4 Ng6 19. Bg3 Bf5 20. Qd5 Bxe5 21.
Bxe5 Rxe5 22. Rxe5 Qxe5 23. Qf3 Rd8 24. Nc4 Qd5 25. Qxd5 Rxd5 26. Ne3 Rc5 27.
Nxf5 Rxf5 28. Rc1 Nf4 29. Re1 h6 30. Re7 Rc5 31. Kf1 Rc1+ 32. Re1 Rxe1+ 33.
Kxe1 Nxg2+ 34. Kd2 Nf4 35. a4 Nd5 36. Kd3 Nb4+ 37. Kc4 Nxc6 38. Kc5 Na7 39. b4
Kf8 40. Kd5 Ke7 41. h4 Kd7 42. f4 Nc6 43. b5 axb5 44. axb5 Ne7+ 45. Ke4 Kd6 46.
f5 g6 47. fxg6 fxg6 48. Kf3 Kc5 0-1

[Event "Madrid-ch Previa B"]
[Site "Madrid ESP"]
[Date "2014.02.15"]
[Round "5.1"]
[White "Ruiz Sanchez, Roberto"]
[Black "Munoz Cebey, Ricardo"]
[Result "1-0"]
[WhiteElo "1935"]
[BlackElo "1878"]
[PlyCount "89"]
[EventDate "2014.02.06"]
[EventType "swiss"]
[EventRounds "9"]
[EventCountry "ESP"]
[Source "lmi"]
[SourceDate "2014.02.06"]

1. e4 c6 2. d4 d5 3. Nc3 dxe4 4. Nxe4 Nd7 5. Ng5 Ngf6 6. Bd3 e6 7. N1f3 Bd6 8.
Qe2 h6 9. Ne4 Nxe4 10. Qxe4 Qc7 11. O-O b6 12. c3 Bb7 13. Bd2 c5 14. Qe2 O-O
15. h3 Rad8 16. Rfe1 Bxf3 17. Qxf3 c4 18. Bc2 b5 19. Rad1 a5 20. b3 b4 21. bxc4
Qxc4 22. Bb3 Qc7 23. c4 a4 24. Bxa4 Qxc4 25. Bb3 Qc7 26. Rc1 Qb8 27. Rc6 Rc8
28. Rec1 Rxc6 29. Qxc6 Nf6 30. Qf3 Qa8 31. Qxa8 Rxa8 32. Rc6 Rd8 33. Rb6 Bf8
34. Bxb4 Rxd4 35. Bxf8 Kxf8 36. Kf1 Nd5 37. Rb8+ Ke7 38. Rb7+ Kf6 39. a4 Nc3
40. a5 Rd6 41. Rc7 Nb5 42. Rb7 Nd4 43. Bc4 Rc6 44. Rb4 Nc2 45. Ra4 1-0

[Event "Madrid-ch Previa B"]
[Site "Madrid ESP"]
[Date "2014.02.15"]
[Round "5.2"]
[White "Lopez Ziegler, Carlos"]
[Black "Ballesteros Galvez, Daniel"]
[Result "1-0"]
[WhiteElo "1944"]
[BlackElo "1789"]
[PlyCount "97"]
[EventDate "2014.02.06"]
[EventType "swiss"]
[EventRounds "9"]
[EventCountry "ESP"]
[Source "lmi"]
[SourceDate "2014.02.06"]

1. e4 e5 2. Nf3 Nf6 3. Nxe5 d6 4. Nf3 Nxe4 5. Nc3 Nxc3 6. dxc3 Be7 7. Be3 Nc6
8. Qd2 Bf5 9. h3 O-O 10. O-O-O a6 11. Rg1 Ne5 12. Nd4 Bg6 13. f4 c5 14. Nb3 Nc6
15. Qf2 Qc8 16. g4 f6 17. Bc4+ Bf7 18. Bxf7+ Rxf7 19. Rge1 Qc7 20. Qf3 Bf8 21.
Bf2 Kh8 22. Qd5 Rd8 23. Bg3 Re7 24. Rxe7 Qxe7 25. Re1 Qd7 26. Nd2 Re8 27. Re4
Rxe4 28. Nxe4 Qe7 29. Kd2 Nd8 30. c4 Qc7 31. c3 Qe7 32. Kd3 Qc7 33. Kc2 Nf7 34.
a3 Nd8 35. Kc1 Nf7 36. Kc2 Nd8 37. b3 Nf7 38. Kb2 Nd8 39. Kc2 Nf7 40. a4 Nd8
41. Kd3 Nf7 42. Ke3 Qe7 43. Kf3 Qc7 44. h4 Qe7 45. h5 h6 46. Bh4 Kh7 47. Qf5+
Kh8 48. Nxf6 Ng5+ 49. Bxg5 1-0

[Event "Madrid-ch Previa B"]
[Site "Madrid ESP"]
[Date "2014.02.15"]
[Round "5.3"]
[White "Alonso Herrero, Ignacio"]
[Black "Lianes Garcia, Marcos"]
[Result "0-1"]
[WhiteElo "1777"]
[BlackElo "1837"]
[PlyCount "130"]
[EventDate "2014.02.06"]
[EventType "swiss"]
[EventRounds "9"]
[EventCountry "ESP"]
[Source "lmi"]
[SourceDate "2014.02.06"]

1. e4 e5 2. Bc4 Nc6 3. Nc3 Bc5 4. d3 d6 5. Nf3 Nf6 6. Bg5 Be6 7. Nd5 Bxd5 8.
Bxd5 h6 9. Bxf6 Qxf6 10. c3 O-O 11. O-O Rab8 12. b4 Bb6 13. Qe2 Ne7 14. Bb3 Ng6
15. g3 a5 16. h4 Ne7 17. Nh2 axb4 18. cxb4 Nc6 19. Qh5 Kh7 20. a3 Qg6 21. Qg4
Nd4 22. Bd1 Qxg4 23. Bxg4 Ra8 24. Nf3 Nc2 25. Ra2 Nxb4 26. Rb2 Nxd3 27. Rxb6
cxb6 28. Rb1 Rxa3 29. Rxb6 Ra1+ 30. Kg2 Ne1+ 31. Nxe1 Rxe1 32. Rxb7 Kg8 33. Kf3
Rc1 34. Rd7 Rc6 35. h5 Rb8 36. Bf5 Rcb6 37. Kg2 Kf8 38. Kh3 Ke8 39. Ra7 R6b7
40. Ra6 Ke7 41. Bg4 Rd8 42. Kg2 Kf6 43. Be2 Rc7 44. Bd1 Rc4 45. Kf3 Kg5 46. Ke3
Rd7 47. Rb6 Rc3+ 48. Kd2 Ra3 49. Rb5 Rc7 50. Rd5 Ra2+ 51. Ke1 Rc6 52. Kf1 Kf6
53. Rd3 Ra1 54. Kg2 Ke7 55. Bg4 Ra4 56. Bf5 Rcc4 57. f3 Rd4 58. Rb3 Kf6 59. Rb6
g6 60. hxg6 fxg6 61. Bc8 Ra2+ 62. Kh3 Rdd2 63. f4 Rh2+ 64. Kg4 h5+ 65. Kf3 Ra3+
0-1

[Event "Madrid-ch Previa B"]
[Site "Madrid ESP"]
[Date "2014.02.15"]
[Round "5.4"]
[White "Sebastian Enesco, Alex"]
[Black "Fernandez Rodriguez, Fernando J"]
[Result "1-0"]
[WhiteElo "1761"]
[BlackElo "1782"]
[PlyCount "155"]
[EventDate "2014.02.06"]
[EventType "swiss"]
[EventRounds "9"]
[EventCountry "ESP"]
[Source "lmi"]
[SourceDate "2014.02.06"]

1. e4 e6 2. d4 d5 3. Nc3 Nf6 4. e5 Nfd7 5. f4 c5 6. Nf3 Nc6 7. Be3 Qb6 8. Nb5
c4 9. Nc3 Qxb2 10. Bd2 Qb6 11. Rb1 Qd8 12. Be2 a6 13. O-O Be7 14. f5 Nf8 15.
Na4 b5 16. Nb2 exf5 17. c3 Ne6 18. Qc2 Ng5 19. Nd1 Ne4 20. Nf2 O-O 21. g3 f6
22. a4 Rb8 23. axb5 axb5 24. Rfd1 fxe5 25. dxe5 Bc5 26. Be1 Qb6 27. Bf1 Nxf2
28. Bxf2 Bxf2+ 29. Qxf2 Qxf2+ 30. Kxf2 Rd8 31. Ke3 h6 32. h4 Be6 33. Kf4 g6 34.
Rb2 b4 35. cxb4 Rxb4 36. Rxb4 Nxb4 37. Bxc4 Nc6 38. Bb3 Ne7 39. Nd4 Kf7 40. Nb5
Rb8 41. Nd6+ Kf8 42. Rb1 d4 43. Ba2 Rxb1 44. Bxb1 Nd5+ 45. Kf3 Nc3 46. Bd3 Bd5+
47. Kf4 Be6 48. Nb5 Nxb5 49. Bxb5 Bd5 50. h5 Be6 51. hxg6 Kg7 52. Bd3 Bd7 53.
Bc4 Kxg6 54. e6 Bc8 55. Ke5 Kg5 56. e7 Bd7 57. Be6 Be8 58. Bxf5 d3 59. Bxd3 Kg4
60. Kf6 Kxg3 61. Kg7 Kf4 62. Kxh6 Ke5 63. Kg7 Kd6 64. Kf8 Bc6 65. Bg6 Bb5 66.
Be8 Be2 67. Bf7 Bb5 68. Bc4 Bc6 69. Kf7 Ba4 70. Bd3 Bc6 71. Bg6 Ba4 72. Kf8 Bb5
73. Be8 Be2 74. Bd7 Bh5 75. Bf5 Ke5 76. Bh7 Ke6 77. Bg8+ Kf6 78. Bd5 1-0

[Event "Madrid-ch Previa B"]
[Site "Madrid ESP"]
[Date "2014.02.15"]
[Round "5.5"]
[White "Bento Iglesias, Pablo"]
[Black "Garcia Serrano, Jose M. Ii"]
[Result "0-1"]
[WhiteElo "1601"]
[BlackElo "1835"]
[PlyCount "64"]
[EventDate "2014.02.06"]
[EventType "swiss"]
[EventRounds "9"]
[EventCountry "ESP"]
[Source "lmi"]
[SourceDate "2014.02.06"]

1. Nf3 Nc6 2. d4 d5 3. e3 Bg4 4. Be2 Nf6 5. Nc3 e6 6. a3 Be7 7. h3 Bxf3 8. Bxf3
Qd7 9. b3 O-O-O 10. Bb2 g5 11. b4 h5 12. Qd2 g4 13. Be2 Rdg8 14. O-O-O Rg7 15.
hxg4 Nxg4 16. Bxg4 Rxg4 17. g3 Rgg8 18. Rh2 Rh7 19. Rdh1 Rgh8 20. Qd1 h4 21.
Qg4 f5 22. Qf3 Nd8 23. g4 Bd6 24. gxf5 Bxh2 25. fxe6 Qxe6 26. Rxh2 c6 27. Ne2
Rg8 28. Nf4 Qf5 29. Qh3 Qxh3 30. Rxh3 Nf7 31. Rh1 Ng5 32. Kd1 h3 0-1

[Event "Madrid-ch Previa B"]
[Site "Madrid ESP"]
[Date "2014.02.15"]
[Round "5.6"]
[White "Soto Martin, Pablo"]
[Black "Franco Rincon, David"]
[Result "1-0"]
[WhiteElo "1811"]
[BlackElo "1685"]
[PlyCount "67"]
[EventDate "2014.02.06"]
[EventType "swiss"]
[EventRounds "9"]
[EventCountry "ESP"]
[Source "lmi"]
[SourceDate "2014.02.06"]

1. e4 e5 2. Nf3 Nc6 3. Bc4 Be7 4. c3 Nf6 5. d3 d6 6. Bb3 O-O 7. O-O h6 8. Re1
Be6 9. d4 exd4 10. cxd4 Bg4 11. Nc3 Nh7 12. Qd3 Qd7 13. Ba4 Qd8 14. d5 Ne5 15.
Nxe5 dxe5 16. Qg3 h5 17. Qxe5 Bd6 18. Qd4 c6 19. Bc2 Re8 20. e5 Qc7 21. Bf4 Qe7
22. h3 Bc5 23. Qd3 Ng5 24. hxg4 hxg4 25. d6 Nf3+ 26. gxf3 Qh4 27. Ne4 Bb6 28.
fxg4 Re6 29. Qg3 Qh8 30. Bb3 Rg6 31. Ng5 Kf8 32. Nxf7 Qh7 33. e6 Rf6 34. Rad1
1-0

[Event "Madrid-ch Previa B"]
[Site "Madrid ESP"]
[Date "2014.02.15"]
[Round "5.7"]
[White "Martinez Rubio, Felipe"]
[Black "Barria Arbunic, Manuel"]
[Result "1-0"]
[WhiteElo "1805"]
[BlackElo "1577"]
[PlyCount "59"]
[EventDate "2014.02.06"]
[EventType "swiss"]
[EventRounds "9"]
[EventCountry "ESP"]
[Source "lmi"]
[SourceDate "2014.02.06"]

1. d4 Nf6 2. Nf3 e6 3. Bg5 h6 4. Bh4 d6 5. e3 g5 6. Bg3 Nh5 7. Bd3 Bg7 8. c3
Nc6 9. Nbd2 g4 10. Ng1 f5 11. Ne2 O-O 12. Nf4 Nxf4 13. exf4 e5 14. dxe5 dxe5
15. Bc4+ Kh8 16. O-O h5 17. Nb3 Bf6 18. fxe5 Bxe5 19. Qxd8 Rxd8 20. Rad1 f4 21.
Rxd8+ Nxd8 22. Bh4 Be6 23. Bxe6 Nxe6 24. Re1 Rf8 25. Rxe5 Ng7 26. Nd4 c5 27.
Rxc5 Re8 28. Kf1 Ne6 29. Rxh5+ Kg7 30. Re5 1-0

[Event "Madrid-ch Previa B"]
[Site "Madrid ESP"]
[Date "2014.02.15"]
[Round "5.8"]
[White "Fernandez Rios, Jose Francisco"]
[Black "Yeves Miquel, Enrique"]
[Result "1/2-1/2"]
[WhiteElo "1649"]
[BlackElo "1742"]
[PlyCount "79"]
[EventDate "2014.02.06"]
[EventType "swiss"]
[EventRounds "9"]
[EventCountry "ESP"]
[Source "lmi"]
[SourceDate "2014.02.06"]

1. d4 Nf6 2. c4 e6 3. Nf3 b6 4. g3 Ba6 5. b3 Bb7 6. Bg2 Bb4+ 7. Bd2 a5 8. O-O
O-O 9. a3 Be7 10. Nc3 d5 11. e3 dxc4 12. bxc4 Ne4 13. Nxe4 Bxe4 14. Ne5 Bxg2
15. Kxg2 Bd6 16. Nd3 Nd7 17. Qc2 Qe7 18. a4 e5 19. dxe5 Nxe5 20. Nxe5 Qxe5 21.
Bc3 Qe7 22. Rfd1 Rfe8 23. Rd5 Rad8 24. Rad1 Bc5 25. Qd3 Rxd5 26. Qxd5 h6 27.
Bd4 Bxd4 28. Rxd4 Kf8 29. c5 Qe6 30. cxb6 Qxd5+ 31. Rxd5 cxb6 32. Rb5 Re6 33.
Kf3 Ke7 34. e4 Kd7 35. Ke3 Kc7 36. Kd4 Rc6 37. Rb2 f6 38. f4 Rd6+ 39. Kc4 Rc6+
40. Kd4 1/2-1/2

[Event "Madrid-ch Previa B"]
[Site "Madrid ESP"]
[Date "2014.02.15"]
[Round "5.9"]
[White "Aguilera Lopez, Alejandro"]
[Black "Urena Castellanos, Antonio"]
[Result "1-0"]
[WhiteElo "1612"]
[BlackElo "1697"]
[PlyCount "49"]
[EventDate "2014.02.06"]
[EventType "swiss"]
[EventRounds "9"]
[EventCountry "ESP"]
[Source "lmi"]
[SourceDate "2014.02.06"]

1. d4 Nf6 2. Nf3 g6 3. Bg5 Bg7 4. c3 d6 5. Nbd2 O-O 6. e4 Bg4 7. Be2 Nbd7 8.
O-O a6 9. h3 Bxf3 10. Bxf3 Rb8 11. Re1 e5 12. Qc2 h6 13. Bh4 c6 14. Rad1 Qa5
15. a3 g5 16. Bg3 g4 17. Bxg4 Nxg4 18. hxg4 Rbc8 19. Nc4 Qc7 20. dxe5 Nxe5 21.
Nxd6 Rcd8 22. Nf5 f6 23. Bxe5 Qxe5 24. Qb3+ Kh7 25. Qxb7 1-0

[Event "Madrid-ch Previa B"]
[Site "Madrid ESP"]
[Date "2014.02.15"]
[Round "5.10"]
[White "Ruiz Bazaga, Miriam"]
[Black "Tirado Parra, Alberto"]
[Result "0-1"]
[WhiteElo "1588"]
[BlackElo "1939"]
[PlyCount "84"]
[EventDate "2014.02.06"]
[EventType "swiss"]
[EventRounds "9"]
[EventCountry "ESP"]
[Source "lmi"]
[SourceDate "2014.02.06"]

1. e4 e5 2. Bc4 Nf6 3. d4 exd4 4. e5 d5 5. Qe2 Ne4 6. Bd3 Nc5 7. Nf3 Bg4 8.
Nbd2 Ne6 9. Nb3 Bb4+ 10. Bd2 Bxd2+ 11. Qxd2 c5 12. Be2 Nc6 13. Nfxd4 Bxe2 14.
Nxc6 bxc6 15. Qxe2 c4 16. Nd2 O-O 17. O-O Qg5 18. g3 Nd4 19. Qd1 Qxd2 20. Qxd2
Nf3+ 21. Kg2 Nxd2 22. Rfe1 Ne4 23. f3 Nc5 24. b4 Na4 25. Rac1 Nc3 26. a3 Rfe8
27. Kf2 d4 28. f4 a5 29. bxa5 Rxa5 30. Ra1 g6 31. Kf3 Kf8 32. Rec1 Rea8 33. Kf2
Ke7 34. Ke1 h5 35. Kd2 Ke6 36. Ke1 Kd5 37. Kf2 Rxa3 38. Rxa3 Rxa3 39. Ke1 Ne4
40. Kf1 Re3 41. Ra1 d3 42. cxd3 cxd3 0-1